000 01916cam0 2200385 ib4500
001 BY-MI0000-br2147977024
005 20260105122056.0
010 ^a978-5-08-007456-1
^bв переплете
035 ^a(BY-MI0000)BY-MI0000-br2147977024
100 ^a20251212d2025 d y0rusy50 ca
101 0 ^arus
102 ^aRU
105 ^aac z 000fy
109 ^ama
200 1 ^aБрат, которому семь
^eповесть в рассказах
^e[для среднего школьного возраста]
^fВладислав Крапивин
^gхудожник Н. Курбанова
210 ^aМосква
^cДетская литература
^d2025
215 ^a173, [2] с.
^cил.
^d21 см
225 1 ^aСерия "Школьная библиотека"
327 0 ^aСодержание: Зеленая грива ; Алька ищет друга ; Короткое счастье ; Подарок ; Капли скачут по асфальту ; Обида ; Плюшевый заяц ; Путешествие к Белому Гиганту ; Соринка ; Город Весенних Птиц и др.
333 ^a6+
345 ^93000 экз.
606 ^aПРОЗА
^3BY-NLB-ar64029
^2DVNLB
606 ^aРАССКАЗЫ
^3BY-NLB-ar2670465
^2DVNLB
606 ^aПОВЕСТИ
^3BY-NLB-ar2735501
^2DVNLB
606 ^aХУДОЖЕСТВЕННАЯ ЛИТЕРАТУРА
^3BY-NLB-ar37179
^2DVNLB
608 ^aДЕТСКАЯ И ЮНОШЕСКАЯ ЛИТЕРАТУРА (художеств. произведение)
^3BY-NLB-ar9019
^2BYGNR
686 ^a84(2Рос)6-4
^2rubbk
690 ^a1
^2Base
^9BY-MI0000
^xRSEK
700 1 ^aКрапивин
^bВ. П.
^3BY-NLB-ar107205
702 1 ^aКурбанова
^bН.
^4440
801 0 ^aBY
^bBY-MI0000
^c20251212
^gRCR
899 0 ^aBY-MI0000
^iК77
^h84(2Рос)6